q-fractional calculus and equations

Αποθηκεύτηκε σε:
Λεπτομέρειες βιβλιογραφικής εγγραφής
Κύριος συγγραφέας: Annaby, Mahmoud H.
Άλλοι συγγραφείς: Mansur, Zeinab S.
Μορφή: Βιβλίο
Γλώσσα:English
Δημοσίευση: Heidelberg ; London ; New York : Springer, c2012
Σειρά:Lecture notes in mathematics (Springer-Verlag) ; 2056
Θέματα:
Ετικέτες: Προσθήκη ετικέτας
Δεν υπάρχουν, Καταχωρήστε ετικέτα πρώτοι!

MARC

LEADER 00000nam a2200000 i 4500
001 1/64894
008 150123s2012 eng d
020 |a 978-3-642-30897-0 
035 |l 10120678 
040 |a GR-MY-UA  |b gre  |e aacr 
041 0 |a eng 
082 0 |a 515.83  |2 (23) 
100 1 |a Annaby, Mahmoud H. 
245 1 0 |a q-fractional calculus and equations /  |c Mahmoud H. Annaby, Zeinab S. Mansour 
260 |a Heidelberg ; London ; New York :   |b Springer,   |c c2012 
300 |a xix, 318 σ.;  |c 24 εκ. 
490 1 |a Lecture notes in mathematics  |v ; 2056 
504 |a Βιβλιογραφία: σ.303-314. Ευρετήρια 
650 0 0 |a Fractional calculus. 
700 1 |a Mansur, Zeinab S. 
830 0 |a Lecture notes in mathematics (Springer-Verlag)  |v ; 2056 
852 |a INST  |b SAMOS  |e 20150123  |h 515.83 ANN  |p 005300041376  |q 005300041376  |t BK  |y 0 
901 |a BIBL3-2015-1 
909 |a Σ  |b 189336 
922 |a 3ΕΛΗ  |b 201405  |c ΤΜΗΜΑ ΜΑΘΗΜΑΤΙΚΩΝ  |d ΔΙΑΔΡΟΜΕΣ 
970 |a ΚΟΣΙΕΡΗΣ  |b ΧΡΗΣΤΟΣ  |z 2015/01/23